Statistiques concernant Toutes les villes de Suisse romande

Cliquez ici pour prendre le quiz!

Statistiques générales

  • Ce quiz a été pris 157 fois
  • Le résultat moyen est 21 sur 39

Statistiques - réponses

CantonPopulationVille% Correct
Genève203'401Genève
100%
Vaud140'619Lausanne
100%
Neuchâtel44'485Neuchâtel
97%
Fribourg37'645Fribourg
95%
Valais35'259Sion
94%
Vaud25'949Montreux
86%
Vaud19'683Vevey
79%
Vaud22'135Nyon
78%
Valais20'505Martigny
75%
Vaud29'662Yverdon-les-Bains
73%
Valais17'115Sierre
69%
Jura12'479Delémont
68%
Neuchâtel36'748La Chaux-de-Fonds
66%
Fribourg25'070Bulle
63%
Vaud16'866Morges
62%
Genève22'305Carouge
61%
Vaud10'776Aigle
53%
Valais18'096Monthey
53%
Genève26'414Meyrin
51%
Vaud20'881Renens
48%
Vaud13'298Gland
47%
Genève35'491Vernier
47%
Genève34'314Lancy
44%
Neuchâtel10'741Le Locle
41%
Vaud10'216Payerne
38%
Genève13'280Versoix
37%
Genève18'821Onex
36%
Vaud18'928Pully
36%
Vaud12'316Prilly
32%
Berne7'262Moutier
30%
Genève11'751Plan-les-Ouates
30%
Genève14'815Thônex
30%
Genève12'496Le Grand-Saconnex
28%
Vaud12'213La Tour-de-Peilz
25%
Vaud13'193Ecublens
22%
Vaud10'238Bussigny
19%
Vaud8'987Crissier
16%
Genève13'109Chêne-Bougeries
15%
Berne3'802La Neuveville
15%

Distribution des résultats

Percentile par nombre de réponses

% des personnes avec chaque résultat

Votre développement - résultats

Vous n’avez pas pris ce quiz